| 000 | 00397nam a2200145Ia 4500 | ||
|---|---|---|---|
| 008 | 240624s9999 xx 000 0 und d | ||
| 041 | _aeng | ||
| 082 | _a657.02 DEL | ||
| 100 | _aDELOITTE | ||
| 245 | _aIGAAP FINANCIAL REPORTING STANDARDS IN I | ||
| 250 | _a(2nd ed.) | ||
| 260 |
_c2009 _aNew Delhi _bWolters Kluwer (India) Pvt. Ltd. |
||
| 300 | _axxiv, : 1216 : p. : cm. ; 24 | ||
| 365 |
_cRS _b15 |
||
| 999 |
_c16594 _d16594 |
||